Las palabras y las cosas: una arqueología de las ciencias humanas /
Na minha lista:
| Autor principal: | |
|---|---|
| Outros Autores: | |
| Formato: | Desconhecido |
| Idioma: | Spanish |
| Publicado em: |
México:
Siglo Veintiuno,
1985
|
| Edição: | 16. edición |
| Colecção: | Teoría
|
| Assuntos: | |
| Tags: |
Adicionar Tag
Sem tags, seja o primeiro a adicionar uma tag!
|
MARC
| LEADER | 000000000a22000000004500 | ||
|---|---|---|---|
| 001 | 000870 | ||
| 008 | 150105s1985 mx |r|||| 000 0 spa d | ||
| 020 | |a 9682300177 | ||
| 040 | |a CRU CIICLA | ||
| 041 | 0 | |a español | |
| 082 | |a 901.9 |b F762p16 | ||
| 100 | 1 | |a Foucault, Michel |d 1926-1984 | |
| 245 | 1 | 4 | |a Las palabras y las cosas: |b una arqueología de las ciencias humanas / |c por Michel Foucault ; traducción de Elsa Cecilia Frost |
| 250 | |a 16. edición | ||
| 260 | |a México: |b Siglo Veintiuno, |c 1985 | ||
| 300 | |a 375 páginas | ||
| 490 | 1 | |a Teoría | |
| 500 | |a Título original: Les mots et les choses, une archéologie des sciences humaines. | ||
| 650 | 4 | |a CIVILIZACION |x HISTORIA | |
| 700 | 1 | |a Frost, Elsa Cecilia |j traducción | |
| 942 | |2 ddc |c BK | ||
| 999 | |c 3739 |d 3739 | ||



